La lucha de liberación del pueblo palestino / (Record no. 103765)

MARC details
000 -LEADER
campo de control de longitud fija 00561nam a2200193 i 4500
001 - NÚMERO DE CONTROL
campo de control 103765
003 - IDENTIFICADOR DE NÚMERO DE CONTROL
campo de control ES-MaACL
005 - FECHA Y HORA DE LA ÚLTIMA TRANSACCIÓN
campo de control 20230906183436.0
007 - CAMPO FIJO DE DESCRIPCIÓN FÍSICA--INFORMACIÓN GENERAL
campo de control de longitud fija t|
008 - DATOS DE LONGITUD FIJA--INFORMACIÓN GENERAL
campo de control de longitud fija 051117s1978 sp ||||1| spa d
100 1# - ENTRADA PRINCIPAL--NOMBRE DE PERSONA
Nombre de persona Mesa, Roberto.
9 (RLIN) 80634
245 13 - MENCIÓN DEL TÍTULO
Título La lucha de liberación del pueblo palestino /
Mención de responsabilidad, etc. Roberto Mesa.
260 ## - PUBLICACIÓN, DISTRIBUCIÓN, ETC.
Lugar de publicación, distribución, etc. Madrid :
Nombre del editor, distribuidor, etc. CUPSA,
Fecha de publicación, distribución, etc. 1978.
300 ## - DESCRIPCIÓN FÍSICA
Extensión 257 p. ;
Dimensiones 17 cm.
490 1# - MENCIÓN DE SERIE
Mención de serie Colección goliárdica ;
Designación de volumen o secuencia 15
830 0# - PUNTO DE ACCESO ADICIONAL DE SERIE-TÍTULO UNIFORME
Título uniforme Colección goliárdica ;
Designación de volumen o secuencia 15
9 (RLIN) 184810
852 ## - LOCALIZACIÓN
Ubicación ES-MaACL
Número de control de estantería A-8645
Sublocalización o colección R.97630
Holdings
Estatus retirado Estado de pérdida Estado de daño No para préstamo Biblioteca de origen Biblioteca actual Ubicación en estantería Fecha de adquisición Fuente de adquisición Total de préstamos Signatura topográfica completa Código de barras Visto por última vez Precio de reemplazo Tipo de ítem Koha
        Biblioteca del Ateneo de Madrid Biblioteca del Ateneo de Madrid Depósito 1 17/01/2008     A-8645 1108337 23/02/2023 23/02/2023 Libro impreso